| 000 | 01416nam a2200385 a 4500 | ||
|---|---|---|---|
| 001 | ebr10296343 | ||
| 003 | CaPaEBR | ||
| 006 | m u | ||
| 007 | cr cn||||||||| | ||
| 008 | 070802s2007 inua s 001 0 eng | ||
| 010 | _z 2007031694 | ||
| 015 |
_aGBA709873 _2bnb |
||
| 016 | 7 |
_z013660687 _2Uk |
|
| 020 | _z9780470049945 (paper/website) | ||
| 020 | _z0470049944 (paper/website) | ||
| 040 |
_aCaPaEBR _cCaPaEBR |
||
| 035 | _a(OCoLC)186574172 | ||
| 050 | 1 | 4 |
_aHF5548.4.M5255 _bS583 2007eb |
| 082 | 0 | 4 |
_a005.5/7 _222 |
| 100 | 1 | _aSlovak, Ken. | |
| 245 | 1 | 0 |
_aProfessional Outlook 2007 programming _h[electronic resource] / _cKen Slovak. |
| 260 |
_aIndianapolis, IN : _bWrox/Wiley Pub., Inc., _cc2007. |
||
| 300 |
_axx, 454 p. : _bill. |
||
| 490 | 1 | _aWrox prfessional guides | |
| 500 | _a"Programmer to programmer"--Cover. | ||
| 500 | _aIncludes index. | ||
| 533 |
_aElectronic reproduction. _bPalo Alto, Calif. : _cebrary, _d2013. _nAvailable via World Wide Web. _nAccess may be limited to ebrary affiliated libraries. |
||
| 630 | 0 | 0 | _aMicrosoft Outlook. |
| 650 | 0 | _aPersonal information management. | |
| 650 | 0 |
_aBusiness _xComputer programs. |
|
| 655 | 7 |
_aElectronic books. _2local |
|
| 710 | 2 | _aebrary, Inc. | |
| 830 | 0 | _aWrox professional guides. | |
| 856 | 4 | 0 |
_uhttp://site.ebrary.com/lib/rucke/Doc?id=10296343 _zAn electronic book accessible through the World Wide Web; click to view |
| 999 |
_c77309 _d77309 |
||